000 00795nam a2200217Ia 4500
003 GCL
008 140319s9999 xx 000 0 ara d
020 _a2108320977
040 _aGCL /
_cGCL
082 0 4 _aق
_b962.074
_bب ا
100 1 _aبير، ويليام
245 1 0 _aاسرار حرب اكتوبر فى الوثائق الامريكية /
_cبير، ويليام
700 1 _aخالد داود
260 _aالقاهرة :
_bمركز الاهرام للترجمة والنشر ،
_c2004
300 _a434 ص ؛
_c32 سم
650 0 4 _aمصر - الاحوال السياسية
650 0 4 _aمصر - اتفاقيات كامب ديفيد
650 0 4 _aمصر - العلاقات الخارجية
650 0 4 _aمصر - تاريخ - العصر الحديث
942 _2ddc
_cBK
999 _c56913
_d56913